000 00736nam a2200289Ia 4500
005 20260324141418.0
008 008 260324s9999 xx 000 0 eng d
020 _a9781003556930
037 _aEBOOK
040 _aCRL
040 _beng
040 _cCRL
041 _2eng
041 _aeng
084 _qCRL
100 _aCary J. Nederman
_91208090
245 0 _aMedieval Aristotelianism and its Limits
245 0 _bClassical Traditions in Moral and Political Philosophy, 12th-15th Centuries
260 _bTaylor and Francis
260 _c1997
365 _a
365 _b220
856 _uhttp://www.taylorfrancis.com/books/9781003556930
942 _cEBOOK
999 _c1811161
_d1811161